000 00901nam a2200265 a 4500
001 59881
003 BD-RjUL
005 20211209080758.0
008 161227s1954 nyua 001 0 eng
035 _a(BD-RjUL)60005
040 _aDLC
_cCarP
_dDLC
_dBD-RjUL
_beng
041 _aeng
082 _223
_a300
_bKRL 1954
100 1 _aKrug, Edward A.
_q(Edward August),
_d1911-
_9178161
245 1 0 _aLiving in our communities :
_bcivics for young citizens /
_cby Edward A Krug and I. James Quillen.
260 _aChicago :
_bScott, Foresman & co.,
_cc1954.
300 _a[5], 522 p. :
_bill. ;
_c24 cm.
490 _aBasic curriculum social studies.
500 _aIncludes index.
650 0 _aSocial sciences
_vTextbooks.
_9178162
650 0 _aCivics.
_9178163
700 1 _aQuillen, Isaac James.
_d1909-
_ejoint author.
_9178164
830 _aBasic curriculum social studies.
_9179635
942 _2ddc
_cBK
999 _c59881
_d59881